| 000 | 01041cam a22003137a 4500 | ||
|---|---|---|---|
| 005 | 20260322212049.0 | ||
| 008 | data | ||
| 010 | _a 2004299025 | ||
| 020 | _a0743466748 (pbk.) | ||
| 020 | _a9780743466745 (pbk.) | ||
| 040 |
_aJRS _cJRS _dDLC |
||
| 042 | _alccopycat | ||
| 050 | 0 | 0 |
_aTL789.16 _b.U36 2004 |
| 082 | 0 | 4 |
_a001.942 _222 |
| 099 | _a001.942 ufo 2004 | ||
| 245 | 0 | 4 |
_aThe UFO magazine UFO encyclopedia / _cedited by William J. Birnes. |
| 246 | 1 | 0 | _aUFO encyclopedia |
| 250 | _a1st Pocket Books trade pbk. ed. | ||
| 260 |
_aNew York : _bPocket Books, _c2004. |
||
| 300 |
_axx, 363 p. : _bill. ; _c22 cm. |
||
| 500 | _aIncludes index. | ||
| 650 | 0 |
_aUnidentified flying objects _vEncyclopedias. |
|
| 650 | 0 |
_aHuman-alien encounters _vEncyclopedias. |
|
| 700 | 1 | _aBirnes, William J. | |
| 730 | 0 | _aUFO. | |
| 856 | 4 | 2 |
_3Contributor biographical information _uhttp://www.loc.gov/catdir/bios/simon053/2004299025.html |
| 856 | 4 | 2 |
_3Publisher description _uhttp://www.loc.gov/catdir/description/simon052/2004299025.html |
| 001 | data | ||
| 999 |
_c1166 _d1166 |
||